[Event "Niedersachsen-ch op A"]
[Site "Verden"]
[Date "2018.01.06"]
[Round "5"]
[White "Poelig, Juergen"]
[Black "Wallat, Jessica"]
[Result "0-1"]
[WhiteElo "1818"]
[BlackElo "1744"]
[PlyCount "76"]
[EventDate "2018.01.04"]
[EventType "swiss"]
[EventRounds "7"]
[EventCountry "GER"]
[SourceTitle "EXT 2022"]
[Source "ChessBase"]
[SourceDate "2021.10.06"]
[SourceVersion "1"]
[SourceVersionDate "2021.10.06"]
[SourceQuality "1"]

1. Nf3 c5 2. g3 Nc6 3. Bg2 g6 4. d3 Bg7 5. e4 e5 6. 0-0 Nge7 7. c3 0-0 8. Re1 d6 9. a3 a5 10. a4 h6 11. Na3 Be6 12. h3 Kh7 13. Nb5 f5 14. d4 fxe4 15. Rxe4 Bd5 16. Re1 Bxf3 17. Bxf3 cxd4 18. cxd4 Nxd4 19. Bxb7 Rb8 20. Nxd4 exd4 21. Bg2 Nf5 22. Ra3 Be5 23. f4 Bg7 24. Re6 Qd7 25. Bd5 Rfe8 26. Rxe8 Rxe8 27. g4 Ne3 28. Bxe3 dxe3 29. Qe2 Bd4 30. Rb3 Qxa4 31. Rb7+ Bg7 32. f5 gxf5 33. gxf5 Qd4 34. Bf7 Rc8 35. Re7 Qc5 36. Bg6+ Kh8 37. f6 Qg5+ 38. Kh2 Qxf6 0-1

[Event "BL2 West 1718 (Women)"]
[Site "Germany"]
[Date "2017.12.17"]
[Round "3.4"]
[White "Pieck, Sarah"]
[Black "Wallat, Jessica"]
[Result "0-1"]
[WhiteElo "1761"]
[BlackElo "1746"]
[PlyCount "70"]
[EventDate "2017.10.14"]
[EventType "team-tourn"]
[EventRounds "7"]
[EventCountry "GER"]
[SourceTitle "EXT 2019"]
[Source "ChessBase"]
[SourceDate "2018.10.10"]
[SourceVersion "1"]
[SourceVersionDate "2018.10.10"]
[SourceQuality "1"]
[WhiteTeam "Muenster SK (W)"]
[BlackTeam "Delmenhorst (W)"]
[WhiteTeamCountry "GER"]
[BlackTeamCountry "GER"]

1. e4 c5 2. c3 d6 3. d4 Nf6 4. Bd3 Nc6 5. Ne2 g6 6. 0-0 Bg7 7. Bf4 cxd4 8. Nxd4 0-0 9. Re1 Nxd4 10. cxd4 Qb6 11. Be3 Ng4 12. Nc3 Nxe3 13. fxe3 Qxb2 14. Nd5 e6 15. Nc7 Rb8 16. Nb5 Qb4 17. a3 Qa5 18. Nxd6 b5 19. Qc2 Bd7 20. Reb1 a6 21. Rb4 Qb6 22. Nc4 Qc7 23. Nd2 Qxc2 24. Bxc2 Rfc8 25. Rc1 Bh6 26. Kf2 Rc3 27. Nf1 Rbc8 28. Rb2 Rxa3 29. d5 exd5 30. Rd1 Rcc3 31. Rxd5 Bc6 32. Rd6 a5 33. Rd8+ Kg7 34. Rc8 b4 35. Ke2 Bb5+ 0-1

[Event "BL2 West 1718 (Women)"]
[Site "Germany"]
[Date "2017.10.15"]
[Round "2.4"]
[White "Wallat, Jessica"]
[Black "Schmitz, Carolin"]
[Result "1-0"]
[WhiteElo "1746"]
[BlackElo "1748"]
[PlyCount "109"]
[EventDate "2017.10.14"]
[EventType "team-tourn"]
[EventRounds "7"]
[EventCountry "GER"]
[SourceTitle "EXT 2019"]
[Source "ChessBase"]
[SourceDate "2018.10.10"]
[SourceVersion "1"]
[SourceVersionDate "2018.10.10"]
[SourceQuality "1"]
[WhiteTeam "Delmenhorst (W)"]
[BlackTeam "Steinfurt (W)"]
[WhiteTeamCountry "GER"]
[BlackTeamCountry "GER"]

1. e4 e5 2. Nf3 Nc6 3. d4 exd4 4. Nxd4 Nge7 5. Bc4 Ne5 6. Bb3 d6 7. 0-0 Bd7 8. a3 N7c6 9. Nc3 Be7 10. h3 Bf6 11. Be3 Na5 12. Ba2 Nac4 13. Qc1 0-0 14. f4 Nxe3 15. Qxe3 Nc6 16. Nf3 Bxc3 17. Qxc3 Qe7 18. Rae1 Be6 19. Bd5 Rab8 20. Bxc6 bxc6 21. b4 Bd7 22. Nd4 c5 23. bxc5 dxc5 24. Nf5 Bxf5 25. exf5 Qd6 26. Re5 Qd4+ 27. Qxd4 cxd4 28. Rc5 Rbc8 29. Rd1 Rfd8 30. Rd3 c6 31. c3 Kf8 32. Rxd4 Rxd4 33. cxd4 Ke7 34. Kf2 Kd6 35. Ra5 Rc7 36. Ke3 Re7+ 37. Re5 Rb7 38. Ra5 Re7+ 39. Kd3 Rb7 40. Kc4 Re7 41. a4 f6 42. Ra6 Rc7 43. d5 Kd7 44. dxc6+ Kd6 45. g4 g6 46. fxg6 hxg6 47. h4 Ke6 48. Kc5 Ke7 49. h5 gxh5 50. gxh5 Ke6 51. h6 Kf5 52. Kd6 Rh7 53. c7 Rxh6 54. c8Q+ Kxf4 55. Qc1+ 1-0

[Event "GER-ch U18 Girls"]
[Site "Willingen"]
[Date "2017.06.05"]
[Round "3"]
[White "Hartmann, Cora"]
[Black "Wallat, Jessica"]
[Result "0-1"]
[WhiteElo "1861"]
[BlackElo "1686"]
[PlyCount "64"]
[EventDate "2017.06.04"]
[EventType "swiss"]
[EventRounds "9"]
[EventCountry "GER"]
[SourceTitle "CBM 178 Extra"]
[Source "ChessBase"]
[SourceDate "2017.06.22"]
[SourceVersion "1"]
[SourceVersionDate "2017.06.22"]
[SourceQuality "1"]

1. e4 c5 2. Nf3 d6 3. Bb5+ Nd7 4. c3 Ngf6 5. Bd3 g6 6. Bc2 Bg7 7. d4 cxd4 8. cxd4 0-0 9. 0-0 b6 10. Nc3 Bb7 11. Re1 Rc8 12. h3 Qc7 13. Be3 e5 14. Rc1 a6 15. a4 Rfe8 16. Bd3 Qd8 17. b4 d5 18. dxe5 Nxe5 19. Nxe5 d4 20. Bf4 dxc3 21. Bc4 Re7 22. Qb3 Qe8 23. Nxf7 Rxf7 24. e5 Ne4 25. Bxf7+ Qxf7 26. Qxf7+ Kxf7 27. f3 Nd2 28. Rc2 Bxf3 29. e6+ Ke7 30. Bxd2 cxd2 31. Rxd2 Bc6 32. Rf2 Bd4 0-1

[Event "GER-ch U18 Girls"]
[Site "Willingen"]
[Date "2017.06.04"]
[Round "2"]
[White "Weis, Olga"]
[Black "Wallat, Jessica"]
[Result "1-0"]
[WhiteElo "1869"]
[BlackElo "1686"]
[PlyCount "67"]
[EventDate "2017.06.04"]
[EventType "swiss"]
[EventRounds "9"]
[EventCountry "GER"]
[SourceTitle "CBM 178 Extra"]
[Source "ChessBase"]
[SourceDate "2017.06.22"]
[SourceVersion "1"]
[SourceVersionDate "2017.06.22"]
[SourceQuality "1"]

1. d4 Nf6 2. c4 g6 3. Nc3 Bg7 4. Nf3 0-0 5. Bf4 d6 6. e3 Nbd7 7. Be2 b6 8. h3 Bb7 9. Qc2 Nh5 10. Bh2 e5 11. 0-0 exd4 12. Nxd4 Bxd4 13. exd4 Qg5 14. d5 Nf4 15. Qe4 Nxe2+ 16. Qxe2 Rae8 17. Qf3 f5 18. Nb5 Ne5 19. Bxe5 Rxe5 20. Rfe1 Qd2 21. Rxe5 dxe5 22. b3 e4 23. Qe3 Qb2 24. Rd1 Rf7 25. Nxa7 Qxa2 26. Nb5 Rd7 27. Rd2 Qb1+ 28. Kh2 Ba6 29. Nd4 Bc8 30. Qg5 Qc1 31. h4 Rf7 32. Ne6 Rd7 33. Qf6 Rf7 34. Qd8+ 1-0

[Event "Hannover Ihme Cup"]
[Site "Hannover"]
[Date "2017.04.30"]
[Round "4.14"]
[White "Schmidt, Oliver"]
[Black "Wallat, Jessica"]
[Result "1-0"]
[WhiteElo "2001"]
[BlackElo "1786"]
[PlyCount "47"]
[EventDate "2017.04.28"]
[EventType "swiss"]
[EventRounds "5"]
[EventCountry "GER"]
[SourceTitle "EXT 2022"]
[Source "ChessBase"]
[SourceDate "2021.10.06"]
[SourceVersion "1"]
[SourceVersionDate "2021.10.06"]
[SourceQuality "1"]

1. e4 c5 2. Nf3 d6 3. d4 cxd4 4. Nxd4 Nf6 5. Nc3 g6 6. f4 Bg7 7. e5 dxe5 8. fxe5 Ng4 9. Bb5+ Nc6 10. Nxc6 Qxd1+ 11. Kxd1 Nf2+ 12. Ke2 Nxh1 13. Nd4+ Kf8 14. Bf4 g5 15. Bxg5 Bxe5 16. Bh6+ Kg8 17. Nf3 Ng3+ 18. hxg3 Bxg3 19. Ne4 Bc7 20. Rd1 Bg4 21. Rd5 f5 22. Neg5 Bf4 23. Rd8+ Rxd8 24. Bc4+ 1-0

[Event "Hannover Ihme Cup"]
[Site "Hannover"]
[Date "2017.04.29"]
[Round "2.19"]
[White "Luecke, Kristina"]
[Black "Wallat, Jessica"]
[Result "1/2-1/2"]
[WhiteElo "1412"]
[BlackElo "1786"]
[PlyCount "74"]
[EventDate "2017.04.28"]
[EventType "swiss"]
[EventRounds "5"]
[EventCountry "GER"]
[SourceTitle "EXT 2022"]
[Source "ChessBase"]
[SourceDate "2021.10.06"]
[SourceVersion "1"]
[SourceVersionDate "2021.10.06"]
[SourceQuality "1"]

1. e4 c5 2. Nf3 d6 3. d4 cxd4 4. Nxd4 Nf6 5. Nc3 g6 6. Be2 Bg7 7. 0-0 0-0 8. Be3 Nc6 9. Qd2 Nxd4 10. Bxd4 Be6 11. h3 Qa5 12. Rfd1 Qc7 13. Qe3 a6 14. Bb6 Qc6 15. Bf3 Nd7 16. Bd4 Bxd4 17. Qxd4 Ne5 18. Be2 Rac8 19. Rac1 Nc4 20. Nd5 Bxd5 21. exd5 Qc5 22. Qxc5 Rxc5 23. Bxc4 Rxc4 24. Re1 Rc7 25. c4 Rfc8 26. b3 b5 27. Re4 f5 28. Rd4 Kf7 29. f4 Rc5 30. Kf2 a5 31. g4 a4 32. g5 b4 33. Re1 Ra8 34. Rd2 axb3 35. axb3 Ra3 36. Rde2 Rc7 37. Re3 Ra2+ 1/2-1/2

[Event "Hannover Ihme Cup"]
[Site "Hannover"]
[Date "2017.04.29"]
[Round "3.23"]
[White "Wallat, Jessica"]
[Black "Redmer, Reinhard"]
[Result "1-0"]
[WhiteElo "1786"]
[BlackElo "1408"]
[PlyCount "59"]
[EventDate "2017.04.28"]
[EventType "swiss"]
[EventRounds "5"]
[EventCountry "GER"]
[SourceTitle "EXT 2022"]
[Source "ChessBase"]
[SourceDate "2021.10.06"]
[SourceVersion "1"]
[SourceVersionDate "2021.10.06"]
[SourceQuality "1"]

1. e4 e6 2. d4 d5 3. Nd2 Nf6 4. e5 Nfd7 5. c3 c5 6. Ndf3 cxd4 7. cxd4 Bb4+ 8. Bd2 Bxd2+ 9. Qxd2 Nc6 10. Bd3 Qa5 11. Ne2 Qxd2+ 12. Nxd2 0-0 13. 0-0 f6 14. f4 Nb6 15. a3 a5 16. Rac1 Bd7 17. Nb3 fxe5 18. fxe5 Rxf1+ 19. Rxf1 Na4 20. Rb1 Ne7 21. Nc3 Nxc3 22. bxc3 b6 23. Nd2 Rb8 24. c4 dxc4 25. Nxc4 Bc6 26. Nxa5 Bd5 27. Nc4 Bxc4 28. Bxc4 Nd5 29. Bxd5 exd5 30. Rb5 1-0

[Event "Niedersachsen-ch op-C"]
[Site "Verden"]
[Date "2017.01.06"]
[Round "4"]
[White "Zotin, Vladimir"]
[Black "Wallat, Jessica"]
[Result "1-0"]
[WhiteElo "1917"]
[BlackElo "1774"]
[PlyCount "51"]
[EventDate "2017.01.05"]
[EventType "swiss"]
[EventRounds "7"]
[EventCountry "GER"]
[SourceTitle "CBM 187 Extra"]
[Source "ChessBase"]
[SourceDate "2018.11.04"]
[SourceVersion "1"]
[SourceVersionDate "2018.11.04"]
[SourceQuality "1"]

1. e4 c5 2. c3 Nc6 3. d4 cxd4 4. cxd4 g6 5. d5 Nb8 6. Qd4 f6 7. Nf3 Qc7 8. Nc3 e5 9. dxe6 dxe6 10. Bb5+ Bd7 11. 0-0 Bc5 12. Qc4 Qb6 13. b4 Bxb5 14. Nxb5 a6 15. bxc5 axb5 16. Qb3 Qxc5 17. Qxe6+ Qe7 18. Qc8+ Kf7 19. Bb2 Qxe4 20. Bxf6 Qd5 21. Bxh8 Nf6 22. Bxf6 Kxf6 23. Qh8+ Kf7 24. Rad1 Qf5 25. Qxh7+ Ke8 26. Rfe1+ 1-0

[Event "Hofheim Spring op-B 4th"]
[Site "Hofheim"]
[Date "2016.04.02"]
[Round "8"]
[White "Wallat, Jessica"]
[Black "Cichon, Joerg"]
[Result "1-0"]
[WhiteElo "1619"]
[BlackElo "1852"]
[PlyCount "91"]
[EventDate "2016.03.30"]
[EventType "swiss"]
[EventRounds "9"]
[EventCountry "GER"]
[SourceTitle "EXT 2018"]
[Source "ChessBase"]
[SourceDate "2017.10.13"]
[SourceVersion "1"]
[SourceVersionDate "2017.10.13"]
[SourceQuality "1"]

1. e4 c5 2. Nf3 Nc6 3. d4 cxd4 4. Nxd4 Nf6 5. Nc3 e5 6. Nxc6 bxc6 7. Bd3 d5 8. 0-0 d4 9. Ne2 c5 10. f4 Bd6 11. f5 Qc7 12. b3 a5 13. Bg5 Ba6 14. Bxa6 Rxa6 15. Qd3 Rc6 16. Bxf6 gxf6 17. Qc4 Bf8 18. Rf3 Rg8 19. Rh3 Rg7 20. Rc1 h6 21. c3 Rg4 22. Ng3 Rd6 23. Qe2 Rg5 24. Qb5+ Kd8 25. Ne2 Qb6 26. Qc4 Ke8 27. cxd4 cxd4 28. Rd3 Qb4 29. Qc8+ Rd8 30. Qc6+ Ke7 31. Kf2 Qd6 32. Qb5 h5 33. Qxa5 Bh6 34. Rc7+ Rd7 35. Rxd7+ Qxd7 36. Qc5+ Ke8 37. Nc3 Rxf5+ 38. exf5 Qxf5+ 39. Ke2 Be3 40. Rxe3 Qc2+ 41. Kf3 Qf5+ 42. Ke2 Qc2+ 43. Kf1 Qc1+ 44. Re1 Qf4+ 45. Kg1 dxc3 46. Qxc3 1-0

[Event "Hofheim Spring op-B 4th"]
[Site "Hofheim"]
[Date "2016.04.01"]
[Round "6"]
[White "Pflittner, Gino"]
[Black "Wallat, Jessica"]
[Result "0-1"]
[WhiteElo "1821"]
[BlackElo "1619"]
[PlyCount "90"]
[EventDate "2016.03.30"]
[EventType "swiss"]
[EventRounds "9"]
[EventCountry "GER"]
[SourceTitle "EXT 2018"]
[Source "ChessBase"]
[SourceDate "2017.10.13"]
[SourceVersion "1"]
[SourceVersionDate "2017.10.13"]
[SourceQuality "1"]

1. e4 d5 2. exd5 Qxd5 3. Nc3 Qa5 4. Nf3 Nf6 5. d3 c6 6. Bd2 Qc7 7. g3 Bg4 8. Bg2 e6 9. Qe2 Bd6 10. Ne4 Nbd7 11. Nxd6+ Qxd6 12. Bc3 0-0-0 13. Qe3 b6 14. Ne5 Nxe5 15. Qxe5 Qxe5+ 16. Bxe5 Kb7 17. 0-0 Rhg8 18. Rfe1 Nd5 19. Bxd5 cxd5 20. Kg2 Rc8 21. Rac1 Bf5 22. f3 Rc6 23. g4 Bg6 24. Red1 f6 25. Bg3 Rgc8 26. c3 e5 27. d4 e4 28. fxe4 Bxe4+ 29. Kf2 b5 30. a3 a5 31. Ke3 b4 32. axb4 axb4 33. Be1 Re8 34. Kf2 b3 35. Bd2 Ra8 36. Ra1 Ra2 37. Rxa2 bxa2 38. Ra1 Bb1 39. Kf3 Kb6 40. Be3 Kb5 41. Ke2 Ka4 42. Kd2 Kb3 43. Kc1 Re6 44. Bd2 Re2 45. h4 Rg2 0-1

[Event "Lueneburg op-B"]
[Site "Lueneburg"]
[Date "2015.08.21"]
[Round "7"]
[White "Hommer, Jeremy"]
[Black "Wallat, Jessica"]
[Result "1-0"]
[WhiteElo "1570"]
[BlackElo "1567"]
[PlyCount "141"]
[EventDate "2015.08.15"]
[EventType "swiss"]
[EventRounds "9"]
[EventCountry "GER"]
[SourceTitle "EXT 2016"]
[Source "ChessBase"]
[SourceDate "2015.10.08"]
[SourceVersion "1"]
[SourceVersionDate "2015.10.08"]
[SourceQuality "1"]

1. g3 Nf6 2. Bg2 g6 3. c4 Bg7 4. Nc3 0-0 5. d3 d6 6. Nf3 Nbd7 7. 0-0 e5 8. Bg5 h6 9. Bd2 c6 10. Ne1 Ne8 11. Nc2 f5 12. f4 Nef6 13. Kh1 Nb6 14. Qc1 e4 15. Ne3 d5 16. Ncd1 d4 17. Nc2 c5 18. b4 e3 19. Be1 Nfd7 20. a4 Nb8 21. bxc5 N6d7 22. Bb4 Rf6 23. Rb1 Qc7 24. Nxd4 Ra6 25. Bd5+ Kh7 26. Ne6 Rxe6 27. Bxe6 Nxc5 28. Bxc8 Qxc8 29. Bc3 Qe6 30. Bxg7 Kxg7 31. Qxe3 Qd6 32. Qe5+ Qxe5 33. fxe5 Nc6 34. Ne3 Re8 35. Kg2 Rxe5 36. Kf2 Nd4 37. Rb2 b6 38. a5 Na4 39. Ra2 Nc3 40. Rd2 Rxa5 41. Nd1 Ncxe2 42. Rxe2 Nxe2 43. Kxe2 Ra2+ 44. Kf3 Rxh2 45. Nf2 g5 46. g4 f4 47. Ra1 a5 48. Rb1 h5 49. gxh5 Rxh5 50. Rxb6 Rh8 51. Ra6 Re8 52. Ng4 Rd8 53. Ke4 Re8+ 54. Ne5 a4 55. Rxa4 f3 56. Ra1 Kf6 57. d4 g4 58. Kf4 Rd8 59. Nxg4+ Kg6 60. Ke4 Kg5 61. Ne5 Rf8 62. Nxf3+ Kg4 63. Rg1+ Kh3 64. Ne5 Re8 65. d5 Rd8 66. Kd4 Rc8 67. c5 Rd8 68. d6 Rc8 69. Kd5 Rd8 70. c6 Rc8 71. d7 1-0

[Event "Lueneburg op-B"]
[Site "Lueneburg"]
[Date "2015.08.19"]
[Round "5"]
[White "Baldauf, Karsten"]
[Black "Wallat, Jessica"]
[Result "1/2-1/2"]
[WhiteElo "1688"]
[BlackElo "1567"]
[PlyCount "110"]
[EventDate "2015.08.15"]
[EventType "swiss"]
[EventRounds "9"]
[EventCountry "GER"]
[SourceTitle "EXT 2016"]
[Source "ChessBase"]
[SourceDate "2015.10.08"]
[SourceVersion "1"]
[SourceVersionDate "2015.10.08"]
[SourceQuality "1"]

1. c4 c5 2. Nc3 Nc6 3. g3 Nf6 4. Bg2 g6 5. d3 Bg7 6. e4 d6 7. Nge2 0-0 8. 0-0 Bd7 9. h3 Qc8 10. Kh2 h5 11. Nd5 Nxd5 12. cxd5 Nd4 13. Be3 Nxe2 14. Qxe2 e6 15. Bf4 Qc7 16. Rac1 Rfe8 17. dxe6 Rxe6 18. b4 Qb6 19. bxc5 dxc5 20. Be3 Rc8 21. Rb1 Qc7 22. Rfc1 b6 23. d4 c4 24. Bf4 Qd8 25. d5 Re8 26. Rxc4 Bf5 27. Rxc8 Bxc8 28. Qc4 g5 29. Be3 Qf6 30. Rd1 h4 31. Bd4 Qh6 32. Bxg7 hxg3+ 33. fxg3 Qxg7 34. Qc6 Qe5 35. Rf1 Ba6 36. Rf5 Qe7 37. d6 Bb7 38. Rxg5+ Kh7 39. Qc2 Qxg5 40. e5+ Kg7 41. Bxb7 Qxe5 42. d7 Qe2+ 43. Qxe2 Rxe2+ 44. Kg1 Rd2 45. Bc6 Rd6 46. Kf2 Kf6 47. Ke3 Ke7 48. Bb5 a6 49. Bxa6 Kxd7 50. a4 Rd1 51. Kf4 Ke6 52. Bb5 Kf6 53. h4 Rd4+ 54. Ke3 Rd1 55. Kf4 Rh1 1/2-1/2

[Event "GER-ch U14 Girls"]
[Site "Magdeburg"]
[Date "2014.06.14"]
[Round "9"]
[White "Wallat, Jessica"]
[Black "Duan, Muxi"]
[Result "1-0"]
[WhiteElo "1519"]
[BlackElo "1052"]
[PlyCount "55"]
[EventDate "2014.06.08"]
[EventType "swiss"]
[EventRounds "9"]
[EventCountry "GER"]
[SourceTitle "CBM 160 Extra"]
[Source "ChessBase"]
[SourceDate "2014.07.01"]
[SourceVersion "1"]
[SourceVersionDate "2014.07.01"]
[SourceQuality "1"]

1. e4 e5 2. Nf3 Nc6 3. Bc4 Bc5 4. c3 Nf6 5. d4 exd4 6. e5 d5 7. Bb5 Ne4 8. cxd4 Bb4+ 9. Bd2 Bxd2+ 10. Nbxd2 Bg4 11. Qc2 Nxd2 12. Nxd2 Bd7 13. Bxc6 Bxc6 14. Nf3 0-0 15. 0-0 Re8 16. Qf5 Bd7 17. Qf4 Be6 18. Rfe1 Qd7 19. Re3 Rf8 20. Rc1 c6 21. Nd2 Rae8 22. Rg3 f6 23. exf6 Re7 24. Qh6 Ref7 25. fxg7 Rxg7 26. Rxg7+ Qxg7 27. Qxe6+ Kh8 28. Qe5 1-0

[Event "GER-ch U14 Girls"]
[Site "Magdeburg"]
[Date "2014.06.11"]
[Round "6"]
[White "Christiansen, Anna"]
[Black "Wallat, Jessica"]
[Result "0-1"]
[WhiteElo "1330"]
[BlackElo "1519"]
[PlyCount "52"]
[EventDate "2014.06.08"]
[EventType "swiss"]
[EventRounds "9"]
[EventCountry "GER"]
[SourceTitle "CBM 160 Extra"]
[Source "ChessBase"]
[SourceDate "2014.07.01"]
[SourceVersion "1"]
[SourceVersionDate "2014.07.01"]
[SourceQuality "1"]

1. e4 e5 2. Nf3 Nf6 3. Nc3 Nc6 4. Bc4 Bc5 5. d3 d6 6. Be3 Bb6 7. Qd2 Be6 8. Nd5 Bxd5 9. Bxd5 Rb8 10. Bxc6+ bxc6 11. b3 h6 12. 0-0 Qe7 13. Rae1 0-0 14. Bxb6 cxb6 15. Nh4 d5 16. Nf5 Qe6 17. Re3 Rbd8 18. Rg3 Nh5 19. Rh3 Nf4 20. Rg3 Ng6 21. Qc1 Qf6 22. Re1 dxe4 23. Rxe4 Qxf5 24. h4 Nf4 25. Rf3 Qxe4 26. dxe4 Ne2+ 0-1

[Event "GER-ch U14 Girls"]
[Site "Magdeburg"]
[Date "2014.06.09"]
[Round "3"]
[White "Wallat, Jessica"]
[Black "Halas, Julia"]
[Result "0-1"]
[WhiteElo "1519"]
[BlackElo "1690"]
[PlyCount "100"]
[EventDate "2014.06.08"]
[EventType "swiss"]
[EventRounds "9"]
[EventCountry "GER"]
[SourceTitle "CBM 160 Extra"]
[Source "ChessBase"]
[SourceDate "2014.07.01"]
[SourceVersion "1"]
[SourceVersionDate "2014.07.01"]
[SourceQuality "1"]

1. e4 e6 2. d4 d5 3. exd5 exd5 4. Bd3 Bd6 5. c3 Nc6 6. Nf3 Nge7 7. Qc2 Bg4 8. Nbd2 Qd7 9. b4 Bf5 10. Bxf5 Nxf5 11. 0-0 0-0 12. a4 a6 13. Nb3 b6 14. Bd2 Rfe8 15. Rfe1 g6 16. Qd3 Bf8 17. Bf4 Nd6 18. Ne5 Nxe5 19. Rxe5 Rxe5 20. Bxe5 Nc4 21. Qg3 Nxe5 22. Qxe5 Re8 23. Qg3 Qxa4 24. h3 Qxb3 25. Qxc7 Re2 26. Rf1 Rc2 27. Qxb6 Qxc3 28. Qxa6 Qxb4 29. Qa7 Rd2 30. Re1 Qxd4 31. Qxd4 Rxd4 32. Kf1 Rd2 33. Re8 Kg7 34. f3 d4 35. Rd8 Bb4 36. Rb8 Bc3 37. Rb1 d3 38. h4 Rc2 39. Rd1 d2 40. Ke2 Rc1 41. g4 Rxd1 42. Kxd1 Kf6 43. f4 h5 44. gxh5 gxh5 45. Ke2 Kf5 46. Kd1 Kxf4 47. Ke2 f5 48. Kd1 Ke3 49. Kc2 Ke2 50. Kxc3 d1Q 0-1

[Event "Niedersachsen-ch U14"]
[Site "Norderney"]
[Date "2014.04.15"]
[Round "6"]
[White "Mildner, Ramon"]
[Black "Wallat, Jessica"]
[Result "1-0"]
[WhiteElo "1620"]
[BlackElo "1590"]
[PlyCount "109"]
[EventDate "2014.04.??"]
[EventType "swiss"]
[EventRounds "9"]
[EventCountry "GER"]
[SourceTitle "EXT 2017"]
[Source "ChessBase"]
[SourceDate "2016.10.25"]
[SourceVersion "1"]
[SourceVersionDate "2016.10.25"]
[SourceQuality "1"]

1. e4 e5 2. Nf3 Nc6 3. Bb5 a6 4. Ba4 b5 5. Bb3 h6 6. d3 Nf6 7. 0-0 Be7 8. Re1 Bb7 9. Nbd2 0-0 10. Nf1 Re8 11. c3 Bc5 12. Ng3 d6 13. h3 Qd7 14. Nf5 Ne7 15. N3h4 a5 16. a3 Nxf5 17. Nxf5 d5 18. Qf3 dxe4 19. dxe4 Nxe4 20. Rxe4 Bxe4 21. Qxe4 Qd8 22. Qg4 Qf6 23. Bxh6 g6 24. Bc2 Qb6 25. Be3 Bxe3 26. Nxe3 Rad8 27. h4 Qf6 28. h5 Kg7 29. Nf5+ Kg8 30. hxg6 fxg6 31. Nh4 g5 32. Nf3 Re7 33. Nxg5 Rg7 34. Bb3+ Kf8 35. Ne6+ Ke8 36. Nxg7+ Ke7 37. Nf5+ Ke8 38. Qh5+ Kd7 39. Rd1+ Kc6 40. Qf3+ Kb6 41. Rxd8 Qxd8 42. Ne3 c6 43. Qd1 Qh8 44. Qd6 Qh7 45. Nd5+ Kb7 46. Qe7+ Qxe7 47. Nxe7 Kc7 48. Nf5 c5 49. Bd5 Kd7 50. Bf7 e4 51. g4 c4 52. g5 a4 53. g6 Kd8 54. g7 Kd7 55. g8Q 1-0

[Event "Niedersachsen-ch U14"]
[Site "Rotenburg"]
[Date "2013.03.27"]
[Round "7"]
[White "Hoppe, Andreas"]
[Black "Wallat, Jessica"]
[Result "1-0"]
[WhiteElo "1724"]
[BlackElo "1568"]
[PlyCount "157"]
[EventDate "2013.03.23"]
[EventType "swiss"]
[EventRounds "9"]
[EventCountry "GER"]
[SourceTitle "EXT 2015"]
[Source "ChessBase"]
[SourceDate "2014.11.20"]
[SourceVersion "1"]
[SourceVersionDate "2014.11.20"]
[SourceQuality "1"]

1. e4 e5 2. Bc4 Nf6 3. d3 Bc5 4. Nf3 Nc6 5. c3 d6 6. 0-0 a6 7. Bb3 Ba7 8. Nbd2 0-0 9. h3 d5 10. exd5 Nxd5 11. Re1 Nf4 12. Nc4 Nxd3 13. Re2 Nxf2 14. Rxf2 Bxf2+ 15. Kxf2 Qxd1 16. Bxd1 f6 17. Bb3 Kh8 18. Be3 Re8 19. g4 Be6 20. Rd1 Rad8 21. Rxd8 Rxd8 22. Ncxe5 Bxb3 23. Nxc6 bxc6 24. axb3 Rb8 25. Nd2 Kg8 26. Bf4 Rb7 27. Ke3 Kf7 28. Kd4 Ke7 29. Kc4 g5 30. Bg3 Kd7 31. Ne4 Ke7 32. Nc5 Ra7 33. Kd4 a5 34. Ke4 h6 35. Kf5 Kf7 36. Ne6 Ke7 37. Bxc7 Rb7 38. Bd8+ Kf7 39. b4 axb4 40. cxb4 Rxb4 41. Bxf6 Rb5+ 42. Be5 c5 43. Nd8+ Ke7 44. Bf6+ Ke8 45. Nc6 Rb3 46. Bc3 Rb6 47. Ne5 Ke7 48. Nd3 Rb5 49. Kg6 Rb6+ 50. Kg7 c4 51. Ne5 Ra6 52. Ng6+ Ke8 53. Ne5 Ke7 54. Nxc4 Ke6 55. Ne3 Kd7 56. Nf5 Ra1 57. Kxh6 Rh1 58. Kxg5 Rxh3 59. Kf6 Ke8 60. g5 Rf3 61. g6 Kf8 62. g7+ Kg8 63. Kg6 Rg3+ 64. Kh6 Rg6+ 65. Kh5 Rg1 66. Nh6+ Kh7 67. g8Q+ Rxg8 68. Nxg8 Kxg8 69. b4 Kf8 70. Kg6 Ke8 71. b5 Kd7 72. b6 Kc6 73. Bd4 Kb7 74. Kf6 Kc6 75. Ke6 Kb7 76. Kd6 Kb8 77. Kc6 Kc8 78. b7+ Kb8 79. Be5+ 1-0

[Event "Niedersachsen-ch U14"]
[Site "Rotenburg"]
[Date "2013.03.27"]
[Round "6"]
[White "Moeller, Hannah Sophie"]
[Black "Wallat, Jessica"]
[Result "1-0"]
[WhiteElo "1601"]
[BlackElo "1568"]
[PlyCount "161"]
[EventDate "2013.03.23"]
[EventType "swiss"]
[EventRounds "9"]
[EventCountry "GER"]
[SourceTitle "EXT 2015"]
[Source "ChessBase"]
[SourceDate "2014.11.20"]
[SourceVersion "1"]
[SourceVersionDate "2014.11.20"]
[SourceQuality "1"]

1. e4 e5 2. Nf3 Nc6 3. d4 exd4 4. Bc4 h6 5. 0-0 Bc5 6. c3 Nf6 7. cxd4 Bb6 8. e5 Nh7 9. Nc3 0-0 10. Be3 d6 11. exd6 Qxd6 12. Bb3 Bg4 13. Nb5 Qf6 14. h3 Bxf3 15. Qxf3 Qxf3 16. gxf3 a6 17. d5 axb5 18. dxc6 bxc6 19. Rfc1 Bxe3 20. fxe3 Ra6 21. a4 Rfa8 22. Kg2 bxa4 23. Bc4 Rb6 24. Ra2 Nf6 25. b3 Re8 26. bxa4 Rxe3 27. a5 Rb8 28. a6 Nd7 29. Kf2 Re5 30. Rd1 Nc5 31. a7 Ra8 32. Rb1 Ree8 33. Kg3 h5 34. Bf1 g6 35. Bg2 f5 36. Rc1 Re5 37. f4 Re3+ 38. Kh2 Ne4 39. Rxc6 Rb3 40. Rxg6+ Kf7 41. Rc6 Rb7 42. Rca6 c5 43. Bf1 Nf6 44. Bc4+ Ke7 45. Kg3 Ne4+ 46. Kh4 Nf6 47. Kg5 Ne4+ 48. Kxf5 Nc3 49. Ra1 Kd7 50. Kg5 Kc7 51. f5 Rb6 52. f6 Rb2 53. f7 Rg2+ 54. Kxh5 Rf2 55. Kg4 Rg2+ 56. Kf3 Rc2 57. h4 Rh2 58. f8Q Rxf8+ 59. Kg3 Rd2 60. a8Q Rxa8 61. Rxa8 Ne4+ 62. Kf4 Nd6 63. R8a7+ Kd8 64. Rg1 Rd4+ 65. Ke3 Rxc4 66. Rg8+ Ne8 67. Ra8+ Kd7 68. Rgxe8 Rxh4 69. Red8+ Kc6 70. Rac8+ Kb5 71. Rd1 Rb4 72. Rb8+ Ka4 73. Ra1+ Kb3 74. Rb1+ Kc4 75. R1xb4+ cxb4 76. Rh8 b3 77. Kd2 Kb4 78. Kc1 Ka3 79. Kb1 Kb4 80. Kb2 Kc4 81. Rh4+ 1-0